|
|
|
|
| LEADER |
00000nam a2200000 i 4500 |
| 001 |
DIGUCANT0089 |
| 003 |
NyNyDIG |
| 008 |
200721s2019 sp ob 000 0 spa d |
| 006 |
m o d |
| 007 |
cr ||||||||||| |
| 035 |
|
|
|a (OCoLC)1191105212
|
| 040 |
|
|
|a DGITA
|b eng
|e rda
|e pn
|c DGITA
|
| 020 |
|
|
|a 9788481029208
|q eBook
|q pdf
|
| 020 |
|
|
|a 8481029203
|q eBook
|q pdf
|
| 020 |
|
|
|z 9788481029192
|q rústica
|
| 020 |
|
|
|z 848102919X
|q rústica
|
| 041 |
1 |
|
|a spa
|h fre
|
| 043 |
|
|
|a e-fr---
|
| 050 |
1 |
4 |
|a JN2542 ebook
|
| 082 |
0 |
4 |
|a 332
|
| 100 |
1 |
|
|a Guizot, François,
|d 1787-1874,
|e author.
|
| 240 |
1 |
0 |
|a De la démocratie dans les sociétés modernes.
|l Spanish
|s (Fernández Candina)
|
| 245 |
1 |
0 |
|a De la democracia en las sociedades modernas /
|c François Guizot ; introducción, Darío Roldán ; traducción, Pablo Fernández Candina
|
| 264 |
|
1 |
|a Santander :
|b Editorial de la Universidad de Cantabria,
|c 2019.
|
| 300 |
|
|
|a 1 online resource.
|
| 336 |
|
|
|a text
|b txt
|2 rdacontent
|
| 337 |
|
|
|a computer
|b c
|2 rdamedia
|
| 338 |
|
|
|a online resource
|b cr
|2 rdacarrier
|
| 347 |
|
|
|a text file
|2 rdaft
|
| 347 |
|
|
|b PDF
|
| 490 |
1 |
|
|a Colección Traducciones ;
|v 11
|
| 500 |
|
|
|a Article appeared in the Revue française (1837), pages 193-225, written in response to Edouard Alletz's "De la démocratie nouvelle" and Auguste Billiard's "Essai sur l'organisation démocratique de la France."
|
| 504 |
|
|
|a Includes bibliographical references.
|
| 588 |
0 |
|
|a Online resource; title from PDF title page (Digitalia, viewed July 21, 2020)
|
| 650 |
|
0 |
|a Democracy
|z France.
|
| 651 |
|
0 |
|a France
|x Politics and government
|y 1789-1900.
|
| 651 |
|
0 |
|a France
|x Social conditions.
|
| 655 |
|
0 |
|a Electronic books.
|
| 700 |
1 |
|
|a Roldán, Darío,
|e contributor agent of text.
|
| 700 |
1 |
|
|a Fernández Candina, Pablo,
|e translator.
|
| 700 |
1 |
|
|i Translation of:
|a Guizot, François,
|d 1787-1874.
|t De la démocratie dans les sociétés modernes.
|
| 791 |
2 |
|
|a Digitalia (Firm),
|e distributor.
|
| 793 |
0 |
|
|g Digitalia eBook Collection:
|a Universidad de Cantabria
|
| 776 |
0 |
8 |
|i Print version:
|a Guizot, François, 1787-1874.
|s De la démocratie dans les sociétés modernes. Spanish (Fernández Candina)
|t De la democracia en las sociedades modernas.
|d Santander : Editorial de la Universidad de Cantabria, [2019]
|z 9788481029192
|
| 830 |
|
0 |
|a Colección Traducciones (Universidad de Cantabria) ;
|v 11.
|
| 856 |
4 |
0 |
|3 Digitalia Hispánica
|u https://www.digitaliapublishing.com/a/63131/
|
| 910 |
|
|
|a Premium collection: 2020
|